000 00515 a2200145 4500
020 _a052145980X
040 _aDLC
_bEnglish
082 _a428.240
100 _aRemacha Esteras, Santiago.
245 _aInfotech : English for computer users
_cSantiago Remacha Esteras.
260 _aNew York :
_bCambridge University Press,
_c1996.
300 _aviii, 152 p. :
_bill. ;
_c25 cm.
650 _aMicrocomputers --Study and teaching.English language --Technical English --Study and teaching.
942 _cBK
_k428.240 REM
_2ddc
999 _c7476
_d7476